000 nam a22 7a 4500
999 _c127953
_d127953
008 180419b xxu||||| |||| 00| 0 eng d
020 _a0877934134
050 _aBV215.B27 1990
100 _aBarry, William A.
_941562
245 _aDiscernment in prayer:
_bpaying attention to God
_cby William A. Barry
260 _aNotre Dame, Indiana
_bAve Maria Press
_c1990